[Event "Mittelfranken-chTB2b 1920"]
[Site "Mittelfranken"]
[Date "2020.02.02"]
[Round "5.8"]
[White "Stenger, Herbert"]
[Black "Kreiner, Daniel"]
[Result "0-1"]
[WhiteElo "1525"]
[BlackElo "1492"]
[PlyCount "72"]
[EventDate "2019.10.13"]
[EventType "team-tourn"]
[EventRounds "9"]
[EventCountry "GER"]
[SourceTitle "EXT 2023"]
[Source "ChessBase"]
[SourceDate "2022.10.05"]
[SourceVersion "1"]
[SourceVersionDate "2022.10.05"]
[SourceQuality "1"]
[WhiteTeam "Postbauer Heng II"]
[BlackTeam "Grossenseebach"]
[WhiteTeamCountry "GER"]
[BlackTeamCountry "GER"]

1. e4 c5 2. f4 Nc6 3. Nf3 e6 4. Nc3 a6 5. Be2 g6 6. 0-0 Bg7 7. a3 Nge7 8. Rb1 b5 9. d3 0-0 10. Be3 d6 11. e5 dxe5 12. fxe5 Nxe5 13. Nxe5 Bxe5 14. Bxc5 Qc7 15. Bxe7 Qxe7 16. Bf3 Ra7 17. Qe1 Qc7 18. g3 h5 19. Qd2 Qc5+ 20. Kg2 Rc7 21. Ne4 Qxc2 22. Qxc2 Rxc2+ 23. Rf2 Rxf2+ 24. Kxf2 Rd8 25. Ke2 a5 26. Nc5 a4 27. b3 Bd4 28. b4 Rd6 29. Kd2 e5 30. Kc2 Bf5 31. Be4 Bxe4 32. Nxe4 Rc6+ 33. Kd2 f5 34. Ng5 Rc3 35. Rc1 Rxc1 36. Kxc1 Be3+ 0-1

[Event "Mittelfranken-chTB2b 1920"]
[Site "Mittelfranken"]
[Date "2019.11.03"]
[Round "2.7"]
[White "Stenger, Herbert"]
[Black "Mueller, Ludwig"]
[Result "1-0"]
[WhiteElo "1525"]
[BlackElo "1580"]
[PlyCount "120"]
[EventDate "2019.10.13"]
[EventType "team-tourn"]
[EventRounds "9"]
[EventCountry "GER"]
[SourceTitle "EXT 2023"]
[Source "ChessBase"]
[SourceDate "2022.10.05"]
[SourceVersion "1"]
[SourceVersionDate "2022.10.05"]
[SourceQuality "1"]
[WhiteTeam "Postbauer Heng II"]
[BlackTeam "Nuernberg Anderssen"]
[WhiteTeamCountry "GER"]
[BlackTeamCountry "GER"]

1. e4 c5 2. f4 Nc6 3. Nf3 d6 4. Bb5 a6 5. Bxc6+ bxc6 6. 0-0 g6 7. Nc3 Bg7 8. Qe1 e6 9. Rb1 Ne7 10. Na4 Qa5 11. b3 0-0 12. Ba3 Rd8 13. e5 dxe5 14. Bxc5 Nd5 15. c4 Rb8 16. cxd5 Rxd5 17. d4 Qxe1 18. Rfxe1 exd4 19. Rbd1 d3 20. Ne5 d2 21. Re2 Bxe5 22. Rxe5 Bb7 23. Rxd5 cxd5 24. Bd6 Rc8 25. Rxd2 Rc6 26. Be5 Kf8 27. Bf6 Ke8 28. b4 Rc4 29. a3 Rxf4 30. Rf2 Rc4 31. g3 Rc1+ 32. Rf1 Rxf1+ 33. Kxf1 Bc6 34. Nc5 Bb5+ 35. Ke1 Bc4 36. Kd2 h6 37. h4 Kf8 38. Nd7+ Ke8 39. Ne5 Bb5 40. Kc3 h5 41. Kd4 Be2 42. Kc5 Bb5 43. Nc6 Ba4 44. Kb6 Bb5 45. Nb8 Bc4 46. a4 Bb3 47. Kxa6 Bxa4 48. b5 d4 49. Bxd4 Kd8 50. Nc6+ Kc8 51. Be5 Bxb5+ 52. Kxb5 Kd7 53. Kc5 Ke8 54. Bf6 Kd7 55. Ne5+ Ke8 56. Kd6 Kf8 57. Kd7 Kg8 58. Ke7 Kh7 59. Kxf7 g5 60. Bxg5 Kh8 1-0